00597nam a2200157 a 450000100100000000500170001000800410002704000250006810000270009324501190012026000480023930000210028704900090030895201050031799900170042200003368020200930070433.0110905s1942 ag 000 0 spa d aDO-SdBNPbspacBNPHU1 aAlfonseca, Ivan92384510aAntología biografica :bla juventud de Santo Domingo en la poesía contemporánea 1924-1942 /cIvan Alfonseca. aBuenos Aires, :bEditorial Claridad,c1942. a184 p. ;c22 cm. aBNPD 001050718RVaPDbPDcCTd2011-09-05iLF1l0o p33680-10r2020-06-25w2020-06-25y1ZNo se presta c33171d33171